00722nam a22002411 4500001001300000003000400013005001700017008004100034010001700075025002000092035001700112040001000129050002000139100002300159245010500182250001300287260004600300300001900346490003600365504003000401650003200431999001700463sa 68014558 DLC20260227112632.0780307s1965 io b 00010 ind  asa 68014558  aPL480:Indo-5218 aocl73678514  cCtY-D0 aHN31b.V46 196510aVerkuyl, Johannes.10aBeberapa masalah etika sosial-ekonomisc[oleh] J. Verkuyl. Di-Indonesiakan oleh G. M. A. Nainggolan. aTjet. 2.0 aDjakarta,bBadan Penerbit Kristenc[1965] a163 p.c21 cm.0 aSeri etika Kristen, djil. II, 1 aBibliography: p. 161-163. 0aChurch and social problems. c85876d85876